Central Library OPAC University of Rajshahi

উৎসবে মেলায় ইতিহাস / (Record no. 47521)

MARC details
000 -LEADER
fixed length control field 00875nam a22002297a 4500
001 - CONTROL NUMBER
control field 47521
003 - CONTROL NUMBER IDENTIFIER
rucl marc code BD-RjUL
005 - DATE AND TIME OF LATEST TRANSACTION
control field 20211209054332.0
008 - FIXED-LENGTH DATA ELEMENTS--GENERAL INFORMATION
fixed length control field 160809s2004 ii ||||| |||| 00| 0 ben d
020 ## - INTERNATIONAL STANDARD BOOK NUMBER
International Standard Book Number 8185471932
Terms of availability : IRs 300.00
035 ## - SYSTEM CONTROL NUMBER
System control number (BD-RjUL)47640
040 ## - CATALOGING SOURCE
Original cataloging agency BD-RjUL
Language of cataloging ben
Transcribing agency BD-RjUL
041 ## - LANGUAGE CODE
Language code of text/sound track or separate title ben
082 ## - DEWEY DECIMAL CLASSIFICATION NUMBER
Edition number 23
Classification number 394.609
Author mark and year CHU 2004
100 ## - MAIN ENTRY--PERSONAL NAME
Personal name চক্রবর্তী, সুধীর
9 (RLIN) 127730
245 10 - TITLE STATEMENT
Title উৎসবে মেলায় ইতিহাস /
Statement of responsibility, etc. সুধীর চক্রবর্তী
260 ## - PUBLICATION, DISTRIBUTION, ETC. (IMPRINT)
Place of publication, distribution, etc. কলকাতা :
Name of publisher, distributor, etc. পুস্তক বিপণি,
Date of publication, distribution, etc. ২০০৪
300 ## - PHYSICAL DESCRIPTION
Pagination ৩৪২ পৃ. :
Illustrations চিত্র ;
Size ২৫ সেমি.
650 ## - SUBJECT ADDED ENTRY--TOPICAL TERM
Topical term or geographic name as entry element উৎসব
General subdivision ইতিহাস ও সমালোচনা
9 (RLIN) 144478
Topical term or geographic name as entry element Festival
General subdivision History & Criticism
9 (RLIN) 144479
942 ## - ADDED ENTRY ELEMENTS (KOHA)
Source of classification or shelving scheme Dewey Decimal Classification
Koha item type Books
Holdings
Lost status Source of classification or shelving scheme Damaged status Not for loan Collection code Permanent Location Current Location Shelving location Date acquired Source of acquisition Cost, normal purchase price Total Checkouts Full call number Date last seen Copy number Koha item type
  Dewey Decimal Classification     Non-fiction Central Library, University of Rajshahi Central Library, University of Rajshahi   16/01/2004 Paragon Enterprises Dhaka 300.00   B 394.609 CHU 2004 09/08/2016 C-2 Books
  Dewey Decimal Classification     Non-fiction Central Library, University of Rajshahi Central Library, University of Rajshahi   16/01/2004 Paragon Enterprises Dhaka 300.00   B 394.609 CHU 2004 09/08/2016 C-3 Books
  Dewey Decimal Classification     Non-fiction Central Library, University of Rajshahi Central Library, University of Rajshahi   16/01/2008 Paragon Enterprises Dhaka 300.00   B 394.609 CHU 2004 18/10/2016 C-4 Books
  Dewey Decimal Classification     Non-fiction Central Library, University of Rajshahi Central Library, University of Rajshahi   16/01/2008 Paragon Enterprise Ltd.Dhaka. 300.00   B 394.609 CHU 2004 21/11/2016 C-5 Books
  Dewey Decimal Classification   Not For Loan Non-fiction Central Library, University of Rajshahi Central Library, University of Rajshahi Reading Room 13/01/2008 Paragon Enterprises Dhaka 300.00   B 394.609 CHU 2004 26/12/2016 C-1 Books